| 000 | 00656nam a22002055i 4500 | ||
|---|---|---|---|
| 001 | 158304 | ||
| 003 | ES-MaACL | ||
| 005 | 20230906211107.0 | ||
| 008 | 040826s1842 gw |||| | eng d | ||
| 040 |
_aCAM _bspa _cCAM |
||
| 080 | _a821.111-31"18" | ||
| 100 | 1 |
_aLytton, Edward Bulwer Lytton _cBaron. _974965 |
|
| 245 | 1 | 0 |
_aGodolphin and Falkland / _cby Edward Bulwer Lytton, Bart. |
| 260 |
_aLeipzig : _bBernhard Tauchnitz, _c1842. |
||
| 300 |
_a414 p. ; _c16 cm. |
||
| 490 | 1 |
_aCollection of british authors ; _v23 |
|
| 830 | 0 |
_aCollection of british authors ; _v23 _9180703 |
|
| 852 |
_aES-MaACL _jG-11405 _z-- Enc. hol. |
||
| 999 |
_c158304 _d158304 |
||